000 00470nam a2200169Ia 4500
005 20250508162442.0
008 008 250505s9999 xx 000 0 eng d
037 _aPeriodicals
040 _aFEDL
_beng
_cFEDL
041 _aeng
_2eng
084 _qFEDL
245 0 _aIndian culture: Journal of the Indian research institute. Vol 5,15
260 _aNew Delhi, India
_bIndological Book Corporation
490 _vVol 5
942 _cCR
999 _c1376636
_d1376636